Alle Torschützen der Fußball-EM 2024 - Statistiken

Allgemein
  • Dieses Quiz wurde 246 mal gespielt
    144 seit der letzten Aktualisierung
  • Das Durchschnittsergebnis liegt bei 19 aus 67
Antwortstatistiken
Goals Player Team % Korrekt
2 Jamal Musiala Deutschland
87%
1 Florian Wirtz Deutschland
83%
1 Kylian Mbappé Frankreich
74%
2 Niclas Füllkrug Deutschland
73%
1 Harry Kane England
72%
1 Kai Havertz Deutschland
69%
1 Jude Bellingham England
63%
1 Luka Modrić Kroatien
60%
1 Emre Can Deutschland
57%
1 İlkay Gündoğan Deutschland
57%
1 Robert Lewandowski Polen
55%
1 Arda Güler Türkei
54%
1 Kevin De Bruyne Belgien
49%
1 Álvaro Morata Spanien
45%
2 Cody Gakpo Niederlande
42%
1 Christian Eriksen Dänemark
39%
1 Bernardo Silva Portugal
37%
1 Bruno Fernandes Portugal
37%
1 Khvicha Kvaratskhelia Georgien
36%
1 Marcel Sabitzer Österreich
36%
1 Xherdan Shaqiri Schweiz
36%
1 Breel Embolo Schweiz
34%
1 Marko Arnautović Österreich
32%
3 Georges Mikautadze Georgien
31%
1 Christoph Baumgartner Österreich
30%
1 Nicolò Barella Italie
30%
1 Memphis Depay Niederlande
27%
1 Patrik Schick Tschechien
27%
1 Scott McTominay Schottland
26%
2 Ivan Schranz Slowakei
24%
1 Wout Weghorst Niederlande
24%
1 Andrej Kramarić Kroatien
23%
1 Fabián Ruiz Spanien
23%
1 Dani Carvajal Spanien
22%
1 Barnabás Varga Ungarn
20%
1 Hakan Çalhanoğlu Türkei
20%
1 Klaus Gjasula Albanien
20%
1 Dan Ndoye Schweiz
19%
1 Alessandro Bastoni Italie
18%
1 Luka Jović Serbien
18%
1 Nicolae Stanciu Rümanien
17%
1 Ferran Torres Spanien
16%
1 Michel Aebischer Schweiz
16%
1 Morten Hjulmand Dänemark
16%
1 Youri Tielemans Belgien
15%
1 Cenk Tosun Türkei
13%
1 Francisco Conceição Portugal
13%
1 Gernot Trauner Österreich
13%
1 Mert Müldür Türkei
13%
1 Nedim Bajrami Albanien
13%
1 Romano Schmid Österreich
13%
1 Tomáš Souček Tschechien
13%
1 Kerem Aktürkoğlu Türkei
12%
1 Denis Drăguș Rümanien
10%
1 Krzysztof Piątek Polen
10%
1 Mattia Zaccagni Italie
10%
2 Răzvan Marin Rümanien
10%
1 Roman Yaremchuk Ukraine
10%
1 Kwadwo Duah Schweiz
9%
1 Adam Buksa Polen
8%
1 Qazim Laçi Albanien
8%
1 Ondrej Duda Slowakei
6%
1 Erik Janza Slowenien
5%
1 Lukáš Provod Tschechien
5%
1 Mykola Shaparenko Ukraine
4%
1 Kevin Csoboth Ungarn
3%
1 Žan Karničnik Slowenien
3%
Keine übereinstimmenden Quizze gefunden
Verteilung der Resultate
Anzahl Personen mit jedem Resultat
Perzentil nach korrekt beantworteten Fragen
Ihre Resultats-Entwicklung
Sie haben dieses Quiz seit der letzten Aktualisierung nicht gespielt